000 01222nam a2200277Ia 4500
999 _c54724
_d54724
001 21791
003 GE_BSU
005 20220420152304.0
008 181216s ||||ge |||||||||||||| ||geo||
020 _a9789941464522
040 _cGE_BSU
041 _ageo
080 _a821.133.1-31 მ-80
100 _aმოდიანო, პატრიკ
_913685
245 _aცირკი მიდის :
_bრომანი /
_cპატრიკ მოდიანო ; ფრანგულიდან თარგმნა ალინა ოქროპირიძემ ; მხატვარი ნინო ლომსაძე.
250 _aპირველი ქართული თარგმანი
264 _aთბილისი :
_bელფი,
_c2016.
300 _a136 გვ. ;
_c18 სმ.
490 _aთანამედროვე ბესტსელერი
541 _h3 ლ.
653 _aრომანი
653 _aცირკი მიდის
700 _aოქროპირიძე, ალინა
_eმთარგმნელი
_913686
700 _aლომსაძე, ნინო
_eმხატვარი
_97095
942 _cBK
_2udc